[Event "49th Hoogovens it"]
[Site "Wijk aan Zee NED"]
[Date "1987.01.20"]
[Round "4"]
[White "Miles, Anthony John"]
[Black "Sosonko, Gennadi"]
[Result "1/2-1/2"]
[WhiteElo "2565"]
[BlackElo "2530"]
[EventDate "1987.01.16"]
[PlyCount "37"]

1. d4 Nf6 2. c4 e6 3. Nf3 d5 4. Nc3 dxc4 5. Bg5 Bb4 6. e4 c5 7. Bxc4 cxd4 8. Nxd4 Nbd7 9. Ndb5 O-O 10. a3 Be7 11. Bf4 e5 12. Be3 Bc5 13. Qe2 a6 14. Bxc5 Nxc5 15. Rd1 Qe7 16. Nd6 Ne6 17. Nf5 Qc7 18. g3 g6 19. Bxe6 1/2-1/2

[Event "49th Hoogovens it"]
[Site "Wijk aan Zee NED"]
[Date "1987.01.28"]
[Round "10"]
[White "Short, Nigel David"]
[Black "Miles, Anthony John"]
[Result "1/2-1/2"]
[WhiteElo "2615"]
[BlackElo "2565"]
[EventDate "1987.01.16"]
[PlyCount "96"]

1. e4 c6 2. d3 d5 3. Nd2 g6 4. g3 Bg7 5. Bg2 e5 6. Ngf3 Ne7 7. O-O O-O 8. b4 a5 9. bxa5 Qxa5 10. Bb2 d4 11. Qc1 Nd7 12. Nb3 Qa4 13. c3 c5 14. cxd4 cxd4 15. Nfd2 b6 16. f4 Ba6 17. Qb1 Rac8 18. Nf3 Nc6 19. Rf2 Nb4 20. Bf1 f5 21. a3 Nc2 22. Rxc2 Qxb3 23. Rxc8 Rxc8 24. fxe5 Nxe5 25. Nxe5 Bxe5 26. Bc1 Qxb1 27. Rxb1 fxe4 28. dxe4 Bxf1 29. Kxf1 Rc2 30. Bf4 Bxf4 31. gxf4 Rxh2 32. Rxb6 Rh4 33. f5 Rf4+ 34. Kg2 g5 35. Rb8+ Kg7 36. Rb7+ Kh6 37. Re7 d3 38. Kg3 d2 39. Rd7 Rxe4 40. Rxd2 Ra4 41. Rd7 Rxa3+ 42. Kg4 Ra4+ 43. Kg3 Ra1 44. Rf7 Rb1 45. Kh3 Rg1 46. Kh2 Rf1 47. Kg2 Rf4 48. Kg3 Rg4+ 1/2-1/2

[Event "49th Hoogovens it"]
[Site "Wijk aan Zee NED"]
[Date "1987.01.29"]
[Round "11"]
[White "Ljubojevic, Ljubomir"]
[Black "Short, Nigel David"]
[Result "0-1"]
[WhiteElo "2620"]
[BlackElo "2615"]
[EventDate "1987.01.16"]
[PlyCount "126"]

1. e4 e6 2. d4 d5 3. Nd2 c5 4. Ngf3 Nc6 5. exd5 exd5 6. Bb5 Bd6 7. dxc5 Bxc5 8. Nb3 Bd6 9. Be3 Nge7 10. Qd2 O-O 11. Be2 Nf5 12. Bf4 Bxf4 13. Qxf4 Re8 14. Qd2 a5 15. a4 Qf6 16. O-O Qxb2 17. Bb5 Qf6 18. Nxa5 Rd8 19. Nb3 h6 20. Rfe1 Nce7 21. Ne5 Nd6 22. Bd3 Bf5 23. Qb4 Be4 24. Ng4 Qg5 25. f3 Nc6 26. Qc5 Bxd3 27. cxd3 Nf5 28. Qf2 Re8 29. Rxe8+ Rxe8 30. Re1 Rxe1+ 31. Qxe1 h5 32. Nf2 Nh4 33. Qe8+ Kh7 34. g3 Nxf3+ 35. Kg2 Qf5 36. Qe2 Nfe5 37. d4 Ng4 38. Qd3 Kg6 39. Nc5 Nxf2 40. Qxf5+ Kxf5 41. Kxf2 Na5 42. Kf3 g6 43. h3 b6 44. Nd3 g5 45. Ne5 f6 46. g4+ hxg4+ 47. hxg4+ Ke6 48. Nd3 Nc4 49. Ke2 Nd6 50. Nf2 f5 51. gxf5+ Kxf5 52. Kf3 Ne4 53. Nd3 Nc3 54. Nb4 g4+ 55. Ke3 Kg5 56. Kf2 Kf4 57. Kg2 Ke4 58. Nc6 Nxa4 59. Kg3 Nc3 60. Kxg4 Ne2 61. Kg5 Nxd4 62. Nb4 Ne2 63. Kf6 d4 0-1